Les Mammifères - Statistiques

Statistiques générales
  • Ce quiz a été pris 207 fois
    152 depuis la dernière actualisation
  • Le résultat moyen est 92 sur 394
Statistiques - réponses
Réponse % Correct
Chat
94%
Chien
94%
Lion
88%
Cheval
86%
Éléphant
85%
Chèvre
83%
Giraffe
83%
Tigre
82%
Baleine
80%
Zèbre
80%
Gorille
79%
Hippopotame
79%
Cochon
77%
Ours
77%
Rat
77%
Rhinocéros
77%
Vache
77%
Cerf
76%
Lapin
76%
Souris
76%
Hyène
74%
Lama
74%
Loup
74%
Mouton
74%
Renard
74%
Chimpanzé
73%
Guépard
73%
Jaguar
73%
Kangourou
73%
Panthère
71%
Ane
70%
Antilope
70%
Dauphin
70%
Panda
70%
Castor
68%
Koala
68%
Léopard
67%
Chameau
65%
Élan
65%
Lynx
65%
Bison
64%
Buffle
64%
Dromadaire
64%
Orang-outan
64%
Otarie
64%
Phacochère
64%
Sanglier
64%
Babouin
62%
Chauve-souris
62%
Orque
62%
Phoque
62%
Écureuil
61%
Gazelle
61%
Hamster
61%
Lièvre
61%
Loutre
61%
Puma
61%
Alpaga / Alpaca
59%
Singe
58%
Humain
56%
Macaque
56%
Morse
56%
Ragondin
55%
Suricate
55%
Yack / Yak
55%
Chevreuil
53%
Daim
53%
Fennec
53%
Furet
53%
Gnou
53%
Hérisson
53%
Marmotte
53%
Paresseux / Unau / Aï
53%
Raton
53%
Blaireau
52%
Lémur
52%
Wapiti
52%
Fourmilier
50%
Narval
50%
Tapir
50%
Belette
48%
Musaraigne
48%
Ornithorynque
48%
Renne
48%
Béluga / Bélouga
47%
Bouquetin
47%
Ouistiti
47%
Zébu
47%
Cachalot
45%
Chacal
45%
Lamantin
45%
Pangolin
45%
Tatou
45%
Taupe
45%
Wallaby
45%
Chamois
44%
Dingo
44%
Mulot
44%
Vison
44%
Fouine
42%
Mangouste
42%
Marsouin
42%
Mouflon
42%
Ocelot
42%
Putois
42%
Tamanoir
42%
Wombat
42%
Bonobo
41%
Diable
41%
Lycaon
41%
Okapi
41%
Porc-épic
41%
Serval
41%
Coyote
39%
Mandrill
39%
Gerbille
38%
Grizzly / Grizzli
38%
Capybara / Cabiaï
36%
Gibbon
36%
Raton-laveur
36%
Tahr
36%
Tarsier
36%
Aye-aye
35%
Caribou
35%
Chinchilla
35%
Moufette
35%
Nasique
35%
Hermine
33%
Tamarin
33%
Échidné
30%
Impala
30%
Ratel
30%
Tamia
30%
Dugong
29%
Opossum
29%
Oryx
29%
Cobaye
27%
Glouton
27%
Orignal
27%
Oryctérope
27%
Capucin
26%
Caracal
26%
Koudou
26%
Loir
26%
Campagnol
24%
Fossa
24%
Potamochère
24%
Martre
23%
Vigogne
23%
Atèle
21%
Maki
21%
Pika
21%
Rorqual
21%
Quokka
20%
Saïmiri
20%
Vampire
20%
Agouti
18%
Bongo
18%
Coati
18%
Dhole
18%
Dik-dik
18%
Civette
17%
Daman
17%
Lemming
17%
Pécari
17%
Springbok
17%
Zibeline
17%
Addax
15%
Babiroussa
15%
Binturong
15%
Colobe
15%
Éland
15%
Jaguarondi
15%
Pipistrelle
15%
Saïga
15%
Takin
15%
Zorille
15%
Dendrolague
14%
Gaur / Gayal
14%
Genette
14%
Gerboise
14%
Hippotrague
14%
Margay
14%
Roussette
14%
Vervet
14%
Couscous
12%
Gélada
12%
Globicéphale
12%
Guanaco
12%
Isard
12%
Kinkajou
12%
Lérot
12%
Loris
12%
Onagre
12%
Otocyon
12%
Phalanger
12%
Sapajou
12%
Urial
12%
Viscache
12%
Acrobate
11%
Cercopithèque
11%
Manul
11%
Mara
11%
Tamandua / Tamandou
11%
Anoa
9%
Cobe
9%
Daguet
9%
Desman
9%
Galago
9%
Hylochère
9%
Nyala
9%
Octodon
9%
Potto
9%
Vari
9%
Bandicoot
8%
Entelle
8%
Guigna / Kodkod
8%
Hydropote
8%
Murin
8%
Muscardin
8%
Numbat
8%
Rhinopithèque
8%
Siamang
8%
Solénodon
8%
Tenrec
8%
Toupaye
8%
Accouchi
6%
Argali
6%
Bharal
6%
Bubale
6%
Chaus
6%
Drill
6%
Goral
6%
Grison
6%
Guéréza
6%
Hapalémur
6%
Ibex
6%
Indri
6%
langur
6%
Markhor
6%
Oncille
6%
Pachyure
6%
Polatouche
6%
Propithèque
6%
Protèle
6%
Saki
6%
Saola
6%
Souslik / Spermophile
6%
Condylure
5%
Douc
5%
Gaufre / Géomys
5%
Guib
5%
Mangabey
5%
Microcèbe
5%
Minioptère
5%
Molosse
5%
Moustac
5%
Nilgaut
5%
Oreillard
5%
Ouakari
5%
Ourébi
5%
Paca
5%
Pademelon
5%
Patas
5%
Pronghorn / Antilocapre
5%
Pudu
5%
Rhinolophe
5%
Tur
5%
Allocèbe
3%
Aulacode
3%
Banteng
3%
Boto
3%
Céphalophe
3%
Colocolo
3%
Damalisque
3%
Dasyure
3%
Dègue
3%
Galéopithèque
3%
Galidie
3%
Gymnure
3%
Huemul / Guemal
3%
Hutia
3%
Muntjac
3%
Myrmidon
3%
Oréotrague
3%
Ptilocerque
3%
Puku
3%
Tamarau
3%
Topi / Tiang / Korrigum / Sassabi
3%
Avahi
2%
Barasingha
2%
Bassaris
2%
Beira
2%
Betongie
2%
Bilby
2%
Cercocèbe
2%
Chevrotain
2%
Chirogale
2%
Coendou
2%
Crocidure
2%
Crossope
2%
Cynoptère
2%
Goundi
2%
Kowari
2%
Lépilémur
2%
Lérotin
2%
Limnogale
2%
Mazame
2%
Mérione
2%
Microgale
2%
Miopithèque
2%
Nyctère
2%
Olingo
2%
Pacarana
2%
Péramèle
2%
Planeur
2%
Potamogale
2%
Potoroo / Potorous
2%
Sarigue
2%
Saro
2%
Semnopithèque
2%
Sérotine
2%
Steenbok
2%
Titi
2%
Vespère
2%
Akodon
0%
Angwantibo / Arctocèbe
0%
Anomalure
0%
Antechine
0%
Asellia
0%
Athérure
0%
Barbastelle
0%
Bérardie
0%
Brachytèle
0%
Calimico
0%
Coleoure
0%
Coruco
0%
Cricétome
0%
Cténomys
0%
Cynomope
0%
Dingiso
0%
Dorcopsis
0%
Douroucouli
0%
Dunnart
0%
Épomophore
0%
Eumope
0%
Euplère
0%
Funisciure
0%
Géogale
0%
Glossophage
0%
Grivet
0%
Grysbok
0%
Hocheur
0%
Kigolo
0%
kipunji
0%
Kitti
0%
Lagotriche
0%
Lasiure
0%
Lophocèbe
0%
Macroglosse
0%
Macroscélide
0%
Malbrouck
0%
Micropotamogale
0%
Nectogal
0%
Néotoma
0%
Ningaui
0%
Noctilion
0%
Nycticèbe
0%
Péroptère
0%
Pétrodrome
0%
Pétrogale
0%
Phascogale
0%
Phyllorhine
0%
Phyllostome
0%
Pinché
0%
Poyane
0%
Raphicère
0%
Rédunca
0%
Rhinopome
0%
Saccoptère
0%
Salpingote
0%
Siciste / Sminthe
0%
Tangue
0%
Taphien
0%
Taruca
0%
Tasmacète
0%
Tchirou
0%
Tenkile
0%
Triok
0%
Verspertilion
0%
Warabi
0%
Wyulda
0%
Zapode
0%
Zokor
0%
Aucun quiz correspondant
Distribution des résultats
% des personnes avec chaque résultat
Percentile par nombre de réponses
Votre historique - résultats
Vous n’avez pas pris ce quiz depuis la dernière actualisation